000 00241nam a2200097Ia 4500
005 20251222114401.0
008 251222s1900||||xx |||||||||||||| ||spa||
082 _aDVD0093/P59/2007
245 0 _aLas mejores prácticas del marketing
942 _cDVD
999 _c1644
_d1644